Statistiken für Berliner Flughäfen

Klicken Sie hier um das Quiz zu spielen!

Allgemein

  • Dieses Quiz wurde 92 mal gespielt
  • Das Durchschnittsergebnis liegt bei 6 aus 15

Antwortstatistiken

In BetriebStandort% Korrekt
1948 - 2020Tegel
95%
1946 - 2020Schönefeld
85%
BER
81%
1923 - 2008Tempelhof
76%
TXL
55%
2020 -Brandenburg
41%
Willy Brandt
33%
SXF
31%
Otto Lilienthal
24%
1935 - 1994Gatow
20%
THF
16%
1909 - 1952Johannisthal
8%
1915 - 1953Staaken
7%
Zentralflughafen
4%
GWW
3%

Verteilung der Resultate

Perzentil nach korrekt beantworteten Fragen

Anzahl Personen mit jedem Resultat

Ihre Resultats-Entwicklung

Sie haben dieses Quiz noch nicht gespielt